Logo CIB grande

GESTIÓN INTEGRAL DE RESIDUOS SÓLIDOS (VOL.2) (Registro nro. 215532)

Detalles MARC
000 -LEADER
campo de control de longitud fija 00663nam a2200241Ia 4500
005 - FECHA Y HORA DE LA ÚLTIMA TRANSACCIÓN
campo de control 20250425161746.0
008 - DATOS DE LONGITUD FIJA--INFORMACIÓN GENERAL
campo de control de longitud fija 250425s9999 xx 000 0 und d
020 ## - NÚMERO INTERNACIONAL ESTÁNDAR DEL LIBRO
Número Internacional Estándar del Libro 8448117654
041 ## - CÓDIGO DE IDIOMA
Código de lengua del texto/banda sonora o título independiente spa
082 ## - NÚMERO DE LA CLASIFICACIÓN DECIMAL DEWEY
Número de clasificación 628.54
010 ## - NÚMERO DE CONTROL DE LA BIBLIOTECA DEL CONGRESO
Número de control de LC 27972
100 ## - ENTRADA PRINCIPAL--NOMBRE DE PERSONA
Nombre de persona TCHOBANOGLOUS, GEORGE
245 #0 - MENCIÓN DEL TÍTULO
Título GESTIÓN INTEGRAL DE RESIDUOS SÓLIDOS (VOL.2)
250 ## - MENCION DE EDICION
Mención de edición 1A ED.
260 ## - PUBLICACIÓN, DISTRIBUCIÓN, ETC.
Lugar de publicación, distribución, etc. España
Nombre del editor, distribuidor, etc. MCGRAW-HILL
Fecha de publicación, distribución, etc. 1994
260 ## - PUBLICACIÓN, DISTRIBUCIÓN, ETC.
Lugar de publicación, distribución, etc. MADRID
300 ## - DESCRIPCIÓN FÍSICA
Extensión 1107
500 ## - NOTA GENERAL
Nota general Título Traducido: INTEGRATED SOLID WASTE MANAGEMENT
650 ## - PUNTO DE ACCESO ADICIONAL DE MATERIA--TÉRMINO DE MATERIA
Término de materia o nombre geográfico como elemento de entrada RECICLAJE DE RESIDUOS
650 ## - PUNTO DE ACCESO ADICIONAL DE MATERIA--TÉRMINO DE MATERIA
Término de materia o nombre geográfico como elemento de entrada RESIDUOS SOLIDOS URBANOS
700 ## - ENTRADA AGREGADA--NOMBRE PERSONAL
Nombre de persona JUAN IGNACIO TEJERO MONZON
Término indicativo de función/relación traductor
942 ## - ELEMENTOS DE ENTRADA SECUNDARIOS (KOHA)
Tipo de ítem Koha Libros
Existencias
Estatus retirado Estado de pérdida Fuente de la clasificación o esquema de estantería Estado de daño No para préstamo Biblioteca de origen Biblioteca actual Fecha de adquisición Coste, precio normal de compra Etiqueta RFID Total de préstamos Signatura topográfica completa Código de barras Copia número Tipo de ítem Koha Nota pública Ubicación en estantería Fecha de vencimiento Visto por última vez Fecha del último préstamo
    Clasificación Decimal Dewey     CENTRO DE INFORMACIÓN BIBLIOTECARIA CENTRO DE INFORMACIÓN BIBLIOTECARIA 13/02/2014 3.00 0000000000000000037496   628.54 D-71528 3 Libros CIB. ESPOL        
          CENTRO DE INFORMACIÓN BIBLIOTECARIA CENTRO DE INFORMACIÓN BIBLIOTECARIA 29/01/2004 50.00 0000000000000000014367 1   38509 2 Libros     11/07/2026 12/01/2026 12/01/2026
    Clasificación Decimal Dewey     CENTRO DE INFORMACIÓN BIBLIOTECARIA CENTRO DE INFORMACIÓN BIBLIOTECARIA 27/04/2000 68.00 0000000000000000014370   628.54 34462 1 Libros          

Copyright 2025 ESPOL. Todos los derechos reservados.